000 00408nam a2200157Ia 4500
008 230917s9999||||xx |||||||||||||| ||und||
040 _e242035
_aMAIN
041 _aEnglish
082 _a070.102491 A19C
100 _aAdams, Paul C
245 0 _aCommunications, media, geographies
260 _aNew York
_bRoutledge
_c2017
300 _axi, 201 p.
500 _a2847 31/08/2017 Main Budget
942 _cBK
999 _c23829
_d23829